| 000 | 00363nam a22001337a 4500 | ||
|---|---|---|---|
| 008 | 250311b |||||||| |||| 00| 0 eng d | ||
| 020 | _a9781400080 | ||
| 050 |
_aHD30 _b.A53 |
||
| 100 | _aAKA, Udo Udo | ||
| 245 | _aManagement Education for National Development | ||
| 260 |
_aLaggos _bCentre for Management Development _c1983 |
||
| 300 | _aviii, 196p. | ||
| 942 | _cBK | ||
| 999 |
_c2232 _d2232 |
||